|
|
|
|
| LEADER |
00000nam0a2200000 4500 |
| 001 |
32056 |
| 005 |
20231030204726.0 |
| 010 |
|
|
|a 5020299383
|
| 035 |
|
|
|a (RuTPU)RU\TPU\book\32351
|
| 035 |
|
|
|a BOOK00000026
|
| 090 |
|
|
|a 32056
|
| 100 |
|
|
|a 20011210d1992 k y0rusy50 ca
|
| 101 |
0 |
|
|a rus
|
| 102 |
|
|
|a RU
|
| 105 |
|
|
|a a z 001zy
|
| 200 |
1 |
|
|a Методы мажоризации в анализе и синтезе адаптивных систем
|f И. Г. Соловьев
|g Сибирское отделение РАН; Институт криосферы Земли
|
| 210 |
|
|
|a Новосибирск
|c Наука
|d 1992
|
| 215 |
|
|
|a 200 с.
|c ил.
|
| 320 |
|
|
|a Библиогр.: с. 185-188
|
| 610 |
1 |
|
|a автоматика
|
| 610 |
1 |
|
|a автоматические системы
|
| 610 |
1 |
|
|a управление
|
| 610 |
1 |
|
|a математические методы
|
| 610 |
1 |
|
|a регуляторы
|
| 610 |
1 |
|
|a динамические системы
|
| 610 |
1 |
|
|a качество
|
| 675 |
|
|
|a 681.513.6
|v 3
|
| 700 |
|
1 |
|a Соловьев
|b И. Г.
|g Илья Георгиевич
|
| 712 |
0 |
2 |
|a Российская академия наук
|b Сибирское отделение
|b Институт криосферы Земли (РАН СО ИКЗ)
|c (Тюмень)
|2 stltpush
|3 (RuTPU)RU\TPU\col\225
|
| 801 |
|
0 |
|a RU
|b 63413507
|c 20011210
|g PSBO
|
| 801 |
|
2 |
|a RU
|b 63413507
|c 20071016
|g PSBO
|
| 942 |
|
|
|c BK
|